El Valle Inclan que yo conoci y otros ensayos.

Bibliographic Details
Main Author: Pina, Francisco
Format: Book
Language:Spanish
Published: Mexico] : Universidad Nacional Autonoma de Mexico, [1969]
Edition:[1. ed.
Series:Colección Poemas y ensayos.
Subjects:

MARC

Tag First Indicator Second Indicator Subfields
LEADER 00000cam a2200000 4500
001 in00000075641
005 20151008053654.0
008 750729s1969 mx 00000 spa
010 |a  73006836  
035 |a (OCoLC)01488054 
035 |9 AAH8236AM 
040 |a DLC  |c OSU  |d SER  |d TXA  |d UtOrBLW 
049 |a TXAM  |c [702675] 
050 0 0 |a PQ6072  |b .P5 
100 1 |a Pina, Francisco. 
245 1 3 |a El Valle Inclan que yo conoci y otros ensayos. 
250 |a [1. ed. 
264 1 |a Mexico] :  |b Universidad Nacional Autonoma de Mexico,  |c [1969] 
300 |a 261 pages ;  |c 19 cm. 
336 |a text  |b txt  |2 rdacontent 
337 |a unmediated  |b n  |2 rdamedia 
338 |a volume  |b nc  |2 rdacarrier 
490 1 |a Coleccion Poemas y ensayos 
650 0 |a Spanish literature  |y 20th century. 
650 0 |a Authors, Spanish  |v Biography. 
830 0 |a Colección Poemas y ensayos. 
999 |a MARS 
999 f f |s 40077d5f-135a-30b5-8f48-4083f60f153c  |i e6df87cb-19ef-3b0d-adbd-deddc75c8630  |t 0 
952 f f |p ric  |a Texas A&M University  |b Rellis Campus  |c Joint Library Facility  |d Remote Storage  |t 0  |e PQ6072 .P5  |h Library of Congress classification  |i unmediated -- volume  |m A14806181291 
998 f f |a PQ6072 .P5  |t 0  |l Remote Storage